Effective presentation skills : apractical guide for better speaking

Bibliographic Details
Main Author: Mandell, Steve (Author)
Format: Book
Language:English
Published: London : Kogan Page 1988
Subjects:

MARC

LEADER 00000cam a2200000 7i4500
001 0000002406
005 20240925.0
008 991130 enk eng
020 |a 1850915555 
040 |a INS   |b eng   |e rda 
090 0 0 |a PN4121   |b .M2713 1988 
100 1 |a Mandell, Steve ,   |e author 
245 1 0 |a Effective presentation skills :   |b apractical guide for better speaking   |c Steve Mandell 
264 1 |a London :   |b Kogan Page   |c 1988 
264 4 |c ©1988 
300 |a 73 pages ;   |c 21 cm. 
336 |a text  |2 rdacontent 
337 |a unmediated  |2 rdamedia 
338 |a volume  |2 rdacarrier 
650 0 |a Public speaking 
999 |a 0000003582   |b BOOK   |c Open Shelf   |e Default branch